000 00291nam a2200121Ia 4500
008 190216s9999||||xx |||||||||||||| ||und||
100 _aGuzhov Yu
245 0 _aGenetics And Plant Breeding For Ariculture
260 _bMir Publishers
_c1989
300 _a280p
650 _aBotany
942 _cBK
999 _c1430
_d1430